000 00795cam a22002653a 4500
001 14742
003 PGUSA
005 20140828083321.0
008 050120s2005||||xxu|||||s|||||000 | eng d
040 _aPGUSA
_beng
042 _adc
050 4 _aDA
100 1 _aDitchfield, P. H.
_q(Peter Hampson),
_d1854-1930
245 1 0 _aVanishing England
_h[electronic resource] /
_cP. H. Ditchfield
260 _bProject Gutenberg,
_c2005
506 _aPublic domain in the USA.
516 _aElectronic text
653 _aEngland -- Social life and customs
653 _aEngland -- Antiquities
653 _aHistoric buildings -- England
653 _aEngland -- Description and travel
830 0 _aProject Gutenberg
_v14742
856 4 0 _uhttp://www.gutenberg.org/ebooks/14742
942 _cEB
999 _c243997
_d243997